000
00294nam a2200133Ia 4500
008
230917s9999||||xx |||||||||||||| ||und||
020
_c
RS30
040
_e
190915
_a
MAIN
041
_a
English
082
_a
954.5 I1S
100
_a
Saiyad, Iqbal Ali
245
0
_a
Safarnama Punjab
942
_c
BK
999
_c
53640
_d
53640